Střípky z českého Chicaga

Titel: Střípky z českého Chicaga : edice dokumentů k dějinám Čechů v americkém Chicagu v letech 1848-1918 / Jaroslav Kříž, Lenka Křížová
Verfasser: ;
Ausgabe: Vydání první
Veröffentlicht: Praha : Academia, 2017
Umfang: 478 Seiten, 8 ungezählte Seiten Bildtafeln : Illustrationen ; 20 cm
Format: Buch
Sprache: Tschechisch
Schriftenreihe/
mehrbändiges Werk:
Edice Historie
Schlagworte:
ISBN: 9788020027214
Buchumschlag
X
alg: 43251176
001A    $03004:12-06-18 
001B    $01999:16-06-18 $t11:40:17.000 
001C    $03004:12-06-18 $t11:08:36.000 
001D    $03004:12-06-18 
001U    $0utf8 
001X    $00 
002@    $0Aau 
002C    $aText $btxt $2rdacontent 
002D    $aohne Hilfsmittel zu benutzen $bn $2rdamedia 
002E    $aBand $bnc $2rdacarrier 
003@    $0432511768 
004A    $A978-80-200-2721-4 
004E/07 $0OBVTAC13777567 
006C    $01006889565 $aOCoLC 
006L    $0AC13777567 
007A    $0AC13777567 $aOBV 
007G    $0DE02047BFB50E499D9551C12582AD00408403 
009P    $qapplication/pdf $3Literaturverzeichnis $uhttp://bvbr.bib-bvb.de:8991/F?func=service&doc_library=BVB01&local_base=BVB01&doc_number=029962992&sequence=000002&line_number=0002&func_code=DB_RECORDS&service_type=MEDIA $mDigitalisierung BSB Muenchen 19 - ADAM Catalogue Enrichment 
009P    $qapplication/pdf $3Register // Personenregister $uhttp://bvbr.bib-bvb.de:8991/F?func=service&doc_library=BVB01&local_base=BVB01&doc_number=029962992&sequence=000003&line_number=0003&func_code=DB_RECORDS&service_type=MEDIA $mDigitalisierung BSB Muenchen 19 - ADAM Catalogue Enrichment 
009P    $qapplication/pdf $3Register // Ortsregister $uhttp://bvbr.bib-bvb.de:8991/F?func=service&doc_library=BVB01&local_base=BVB01&doc_number=029962992&sequence=000004&line_number=0004&func_code=DB_RECORDS&service_type=MEDIA $mDigitalisierung BSB Muenchen 19 - ADAM Catalogue Enrichment 
009P    $qapplication/pdf $A2 $3Inhaltsverzeichnis $uhttp://scans.hebis.de/HEBCGI/show.pl?43251176_toc.pdf $mV:DE-603;B:DE-Mb50 
010@    $acze 
010E    $erda 
011@    $a2017 $n2017 
021A    $aStřípky z českého Chicaga $dedice dokumentů k dějinám Čechů v americkém Chicagu v letech 1848-1918 $hJaroslav Kříž, Lenka Křížová 
028A    $BVerfasser $4aut $71143152174 $8Kříž, Jaroslav$Z1987- [Tp3] $941961107X 
028C    $BVerfasser $4aut $71143152328 $8Křížová, Lenka$Z1987- [Tp3] $9419611185 
032@    $aVydání první 
033A    $pPraha $nAcademia 
034D    $a478 Seiten, 8 ungezählte Seiten Bildtafeln 
034I    $a20 cm 
034M    $aIllustrationen 
036G    $aEdice Historie 
044K    $qGBV $#Chicago (Ill.) $#Chicago, Illinois $#Č'ikago $#Chicago $#Shiḳago $74009921-0 $8Chicago, Ill. [Tg1] $9085019240 
044K    $qGBV $RTschechin $#Czechs $#Tchèques $#Tschechen $#Tscheche $#Czechs $74061083-4 $8Tschechen [Ts1] $9085169609 
045A    $aF548.9.B67 
045R    $aGeschichte 1848-1918 

lok: 43251176 24

exp: 43251176 24 1 #EPN
201B/01 $012-06-18 $t11:08:36.000 
201C/01 $023-11-17 
201U/01 $0utf8 
203@/01 $01011962144 
208@/01 $a12-06-18 $bz 
209A/01 $a18.00851 $du $f050 $h18 00851 $x00 
209C/01 $a18.00851 K $h18 00851 K 
209G/01 $a73936110 $x00 
220C/01 $akon 
247C/01 $8358050-7 Marburg, Bibliothek des Herder-Instituts Marburg $9102600961 

lok: 43251176 78

exp: 43251176 78 1 #EPN
201B/01 $013-06-18 $t10:30:16.000 
201C/01 $013-06-18 
201U/01 $0utf8 
203@/01 $01023526379 
208@/01 $a13-06-18 $be 
209A/01 $a/ $f000 $x00 
209A/01 $ab*p $x01 
220C/01 $aeja 
244Z/01 $#Böhmische Kronländer $#Länder der Böhmischen Krone $#Sudetenland $#Böhmen $#Mähren $#Mährisch-Schlesien $#Österreichisch-Schlesien $#Tschechische Sozialistische Republik Böhmische Länder $#Tschechei Böhmische Länder $#Země koruny české $74069573-6 $8--Tg1--Böhmische Länder $x03 $9085195553 
247C/01 $82080>Marburg/Lahn, Herder-Institut, Forschungsbibliothek, Bibliographieportal $9336309341
LEADER 00000cam a2200000 c 4500
001 432511768
003 DE-603
005 20180616114017.0
007 tu
008 180612s2017 xx |||| | u00||u|cze c
020 |a 9788020027214 
028 5 2 |a OBVTAC13777567 
035 |a (DE-599)OBVAC13777567 
035 |a AC13777567 
040 |a DE-603  |b ger  |c DE-603  |d DE-603  |e rda 
041 |a cze 
050 0 |a F548.9.B67 
100 1 |a Kříž, Jaroslav  |d 1987-  |e Verfasser  |4 aut  |0 (DE-603)41961107X  |0 (DE-588)1143152174  |2 gnd 
245 0 0 |a Střípky z českého Chicaga  |b edice dokumentů k dějinám Čechů v americkém Chicagu v letech 1848-1918  |c Jaroslav Kříž, Lenka Křížová 
250 |a Vydání první 
264 1 |a Praha  |b Academia  |c 2017 
300 |a 478 Seiten, 8 ungezählte Seiten Bildtafeln  |b Illustrationen  |c 20 cm 
336 |a Text  |b txt  |2 rdacontent 
337 |a ohne Hilfsmittel zu benutzen  |b n  |2 rdamedia 
338 |a Band  |b nc  |2 rdacarrier 
490 0 |a Edice Historie 
648 7 |a Geschichte 1848-1918  |2 gnd 
650 7 |a Tschechen  |0 (DE-588)4061083-4  |0 (DE-603)085169609  |2 gnd 
651 7 |a Chicago, Ill.  |0 (DE-588)4009921-0  |0 (DE-603)085019240  |2 gnd 
700 1 |a Křížová, Lenka  |d 1987-  |e Verfasser  |4 aut  |0 (DE-603)419611185  |0 (DE-588)1143152328  |2 gnd 
856 4 2 |m Digitalisierung BSB Muenchen 19 - ADAM Catalogue Enrichment  |q application/pdf  |u http://bvbr.bib-bvb.de:8991/F?func=service&doc_library=BVB01&local_base=BVB01&doc_number=029962992&sequence=000002&line_number=0002&func_code=DB_RECORDS&service_type=MEDIA  |3 Literaturverzeichnis 
856 4 2 |m Digitalisierung BSB Muenchen 19 - ADAM Catalogue Enrichment  |q application/pdf  |u http://bvbr.bib-bvb.de:8991/F?func=service&doc_library=BVB01&local_base=BVB01&doc_number=029962992&sequence=000003&line_number=0003&func_code=DB_RECORDS&service_type=MEDIA  |3 Register // Personenregister 
856 4 2 |m Digitalisierung BSB Muenchen 19 - ADAM Catalogue Enrichment  |q application/pdf  |u http://bvbr.bib-bvb.de:8991/F?func=service&doc_library=BVB01&local_base=BVB01&doc_number=029962992&sequence=000004&line_number=0004&func_code=DB_RECORDS&service_type=MEDIA  |3 Register // Ortsregister 
856 4 2 |m V:DE-603;B:DE-Mb50  |q application/pdf  |u http://scans.hebis.de/HEBCGI/show.pl?43251176_toc.pdf  |3 Inhaltsverzeichnis 
924 0 |9 Mb 50  |a (DE-603)1011962144  |b DE-Mb50  |c HES  |d c  |g 18.00851 
924 0 |9 2080  |a (DE-603)1023526379  |b DE-2080  |c HES  |d d  |g /